000 00362nam a2200145Ia 4500
005 20240807062214.0
008 240806s9999||||xx |||||||||||||| ||eng||
041 _aeng
100 _aSingh Dr. P.N.
245 0 _aLife of hunter in the gangetic /
_cSingh Dr. P.N.
260 _bVijai Prakashan Varanashi
300 _a86
650 _aAnc. History
942 _cBK
999 _c11699
_d11699